000 01448nam1a22002651i 4500
001 rc\2945943
005 20260406212224.0
035 _a(NLR Aleph) 007206131
090 _a7654659
_c7654659
100 _a20110828g19341940k||y0rusy50 ca
101 0 _arus
102 _aRU
105 _a| z |||||
200 1 _aЛитературное наследие Г.В. Плеханова
_fГос. публичная б-ка. Дом Плеханова
210 _aМосква
_cГосударственное социально-экономическое издательство
_d1934-1940
215 _a8 т.
_d23х15
300 _aНа обл. издательство: Соцэкгиз
_aС 1936 г. (т. 3) в надзаг.: Государственная публичная библиотека им. Салтыкова-Щедрина. Дом Плеханова
600 1 _aПлеханов
_bГ. В.
_f1856 - 1918
_gГеоргий Валентинович
_9966993
_3RU\NLR\AUTH\66362064
700 1 _8rus
_7ca
_aПлеханов
_bГ. В.
_f1856-1918
_gГеоргий Валентинович
_3RU\NLR\AUTH\7748828
_931763
712 0 2 _4650
_aПубличная библиотека им. М. Е. Салтыкова-Щедрина
_cЛенинград
_bДом Плеханова
_3RU\NLR\AUTH\889969545
_9435402
801 0 _aRU
_bNLR
_gpsbo
801 1 _aRU
_bELAR
_2rusmarc
801 2 _aRU
_bNLR
_c20150609
_2rusmarc
852 _aNLR
_j34-18/317 (1-8)
942 _cBOOK